Państwo Europy na literę Alfabetu - Statystyki

Ogólne statystyki
  • Ten quiz został rozwiązany 96 razy
  • Średni wynik to 19 z 20
Statystyki odpowiedzi
Hint Odpowiedź % Poprawnych
A Albania/Andora/Austria
100%
B Belgia/Białoruś/Bośnia i Hercegowina/Bułgaria
100%
C Chorwacja/Czarnogóra/Czechy
100%
D Dania
100%
F Finlandia/Francja
100%
E Estonia
96%
L Liechtenstein/Litwa/Luksemburg
96%
Ł Łotwa
96%
G Grecja
95%
P Polska/Portugalia
95%
R Rosja/Rumunia
95%
H Hiszpania/Holandia
94%
M Macedonia Północna/Malta/Mołdawia/Monako
94%
I Irlandia/Islandia
91%
S San Marino/Serbia/Słowacja/Słowenia/Szwajcaria/Szwecja
91%
W Watykan/Węgry/Wielka Brytania/Włochy
91%
N Niemcy/Norwegia
89%
K Kazachstan/Kosowo
83%
T Turcja
81%
U Ukraina
80%
Nie znaleziono quizów pasujących do podanych kryteriów
Rozkład punktacji
Procent ludzi z każdym wynikiem
Percentyl według liczby udzielonych odpowiedzi
Twoja historia wyników
Nie rozwiązałeś tego quizu